| 000 | 00531nmm a22001937a 4500 | ||
|---|---|---|---|
| 005 | 20181031140033.0 | ||
| 008 | 181031b xxu||||| |||| 00| 0 spa d | ||
| 041 | _aspa | ||
| 082 | _aTU 94 | ||
| 100 |
_aPicado Morales, Stephanie _928444 |
||
| 245 | _aAgencia de viajes Armotours | ||
| 260 | _c2017 | ||
| 650 |
_aCOSTA RICA _950348 |
||
| 650 |
_aTURISMO _9894 |
||
| 650 |
_aAGENCIAS DE VIAJES _93013 |
||
| 650 |
_aVIAJES INTERNACIONALES _950349 |
||
| 650 |
_aCERTIFICACIÓN DE SOSTENIBILIDAD TURÍSTICA _930530 |
||
| 942 | _cIP | ||
| 999 |
_c11273 _d11273 |
||